Ley de caducidad en Uruguay y esencia ético-política de la izquierda /
1En este artículo se comparan los comportamientos partidarios y ciudadanos en los referéndum y plebiscito respectivos de 1989 y 2009 en Uruguay, relativos a la derogación o anulación de artículos de ley de amnistía, así como el inconcluso epílogo de este trámite. Ello permitirá apreciar un cambio en...
保存先:
| 第一著者: | |
|---|---|
| フォーマット: | テキスト |
| 主題: | |
| タグ: |
タグ追加
タグなし, このレコードへの初めてのタグを付けませんか!
|
MARC
| LEADER | 00000 a a2200000 04500 | ||
|---|---|---|---|
| 001 | 42691 | ||
| 003 | |||
| 040 | |||
| 100 | |a Buriano, Ana | ||
| 245 | |a Ley de caducidad en Uruguay y esencia ético-política de la izquierda / |c Ana Buriano | ||
| 520 | |a 1En este artículo se comparan los comportamientos partidarios y ciudadanos en los referéndum y plebiscito respectivos de 1989 y 2009 en Uruguay, relativos a la derogación o anulación de artículos de ley de amnistía, así como el inconcluso epílogo de este trámite. Ello permitirá apreciar un cambio en la fuerza-eje impulsora de las iniciativas ciudadanas en la materia. | ||
| 590 | |a RRA/FEBRERO2012 | ||
| 650 | |a 1.REFERENDUM | ||
| 650 | |a 2.MOVIMIENTOS SOCIALES | ||
| 650 | |a 3.PARTIDOS POLITICOS | ||
| 650 | |a 4.IZQUIERDA | ||
| 650 | |a 5.DERECHOS HUMANOS | ||
| 650 | |a 6.VOTACION | ||
| 650 | |a 7.URUGUAY | ||
| 773 | |g volumen19, número38 ( , 2011), páginas 173-203 : tablas, gráficos, mapas | ||
| 999 | |c 30087 |d 30087 | ||
